[Event "TCh-CZE Liga 1 Zapad"]
[Site "Czech Rep CZE"]
[Date "2012.02.12"]
[Round "8.7"]
[White "Folk,P"]
[Black "Braun,Mare"]
[Result "1-0"]
[WhiteElo "2238"]
[BlackElo "2129"]
[WhiteTeam "Sakal Kozolupy"]
[BlackTeam "1. Novoborsky SK B"]
[WhiteFideId "302996"]
[BlackFideId "329029"]
[EventDate "2011.10.02"]

1. e4 c5 2. Nc3 e6 3. Nge2 a6 4. d4 cxd4 5. Nxd4 Qc7 6. Be2 Nf6 7. O-O Bb4 8.
Qd3 Nc6 9. Nxc6 bxc6 10. f4 d5 11. e5 Nd7 12. Qg3 g6 13. Na4 Be7 14. b3 Bb7 15.
c4 d4 16. Bd2 c5 17. Nb2 O-O-O 18. Nd3 Rhg8 19. Bf3 h6 20. Rab1 Bxf3 21. Qxf3
Qb7 22. Qf2 Kb8 23. b4 Ka7 24. b5 Nb8 25. Rb3 axb5 26. Rxb5 Qc6 27. Ba5 Rd7 28.
Bb6+ Qxb6 29. Rxb6 Kxb6 30. Rb1+ Ka7 31. Qc2 Na6 32. Qa4 Rc7 33. Qa5 Rc6 34. Rb3
Rgc8 35. Rb5 R8c7 36. Nb2 Rc8 37. Kf2 Bd8 38. Qa3 Be7 39. Qb3 Rb8 40. Nd3 Rcb6
41. Qa4 Rc8 42. Kf3 Rbc6 43. g4 R8c7 44. Ke4 Rc8 45. Ne1 R6c7 46. Nc2 Rc6 47.
Na3 Bd8 48. Rb3 Be7 49. Rh3 Bf8 50. Nb5+ Kb7 51. Rb3 Ka8 52. Rf3 Be7 53. f5
gxf5+ 54. gxf5 exf5+ 55. Kxf5 Rb6 56. Rb3 Rbc6 57. Rg3 Bf8 58. Qa5 Kb7 59. Rb3
Ka8 60. Ra3 Kb7 61. Rg3 Ka8 62. Ke4 f6 63. Rg6 Be7 64. Rg7 Re6 65. Rxe7 Rxe7 66.
Qxa6+ Kb8 67. Qd6+ 1-0

[Event "TCh-CZE Liga 1 Zapad"]
[Site "Czech Rep CZE"]
[Date "2012.02.12"]
[Round "8.8"]
[White "Kucera,P3"]
[Black "Folkova,M"]
[Result "1/2-1/2"]
[WhiteElo "2158"]
[BlackElo "2136"]
[WhiteTeam "1. Novoborsky SK B"]
[BlackTeam "Sakal Kozolupy"]
[WhiteFideId "333840"]
[BlackFideId "304271"]
[EventDate "2011.10.02"]

1. d4 d5 2. Nf3 e6 3. e3 Nf6 4. Nbd2 Nbd7 5. Bd3 c5 6. c3 Bd6 7. O-O O-O 8. e4
cxd4 9. cxd4 e5 10. exd5 exd4 11. Nxd4 Nc5 12. Bc4 a6 13. N2f3 Qc7 14. Bg5 Ng4
15. g3 h6 16. Bd2 Ne4 17. Rc1 Qb6 18. Qb3 Qd8 19. Bb4 Bxb4 20. Qxb4 Qf6 21. Bd3
Ng5 22. Nxg5 hxg5 23. Ne2 Qh6 24. h4 Ne5 25. Qe4 Nxd3 26. Qxd3 gxh4 27. Rc4 hxg3
28. Qxg3 Bf5 29. Rf4 Qg6 30. Nc3 Rfd8 31. Qxg6 Bxg6 32. Rb4 b5 33. Rd1 Rd6 34.
Rd2 Rad8 35. Kg2 f6 36. Rbd4 Bf7 37. a3 f5 38. Kg3 g5 39. Kg2 Kg7 40. Kg3 Kf6
41. a4 bxa4 42. Rxa4 f4+ 43. Kg2 Kf5 44. f3 Rh8 45. Ne4 Rdh6 46. Nf2 Be8 47. Rc4
Bb5 48. Rc5 Rh2+ 49. Kg1 g4 50. d6+ Ke6 51. Rc7 g3 52. Re7+ Kf5 53. Rd5+ Kg6 54.
Re6+ Kf7 55. Re7+ Kg6 56. Re6+ Kf7 1/2-1/2

[Event "TCh-CZE Liga 1 Zapad"]
[Site "Czech Rep CZE"]
[Date "2012.02.12"]
[Round "8.1"]
[White "Sodoma,J"]
[Black "Jansa,Vl"]
[Result "1/2-1/2"]
[BlackTitle "GM"]
[WhiteElo "2380"]
[BlackElo "2478"]
[WhiteTeam "ERA-Postovni sporitelna B"]
[BlackTeam "JOLY Lysa nad Labem B"]
[WhiteFideId "323195"]
[BlackFideId "300128"]
[EventDate "2011.10.02"]

1. d4 Nf6 2. c4 g6 3. Nc3 d5 4. cxd5 Nxd5 5. Bd2 Bg7 6. e4 Nb6 7. Be3 O-O 8. h3
e5 9. Nf3 exd4 10. Bxd4 Be6 11. Bxg7 Kxg7 12. Qd4+ f6 13. Be2 Nc6 14. Qc5 Nd7
15. Qe3 Nde5 16. Rd1 Qe7 17. O-O Nxf3+ 18. Bxf3 Rad8 19. Be2 Qb4 20. b3 Nd4 21.
Nd5 Nxe2+ 22. Qxe2 Bxd5 23. Rxd5 Rxd5 24. exd5 Rf7 25. Rd1 Re7 26. Qf3 Qc5 27.
Qf4 Re5 28. Rc1 Qd6 29. g3 h5 30. h4 a6 31. Kh2 1/2-1/2

[Event "TCh-CZE Liga 1 Zapad"]
[Site "Czech Rep CZE"]
[Date "2012.02.12"]
[Round "8.2"]
[White "Priehoda,V"]
[Black "Lamser,J"]
[Result "1-0"]
[WhiteTitle "IM"]
[WhiteElo "2388"]
[BlackElo "2181"]
[WhiteTeam "JOLY Lysa nad Labem B"]
[BlackTeam "ERA-Postovni sporitelna B"]
[WhiteFideId "14900122"]
[BlackFideId "301221"]
[EventDate "2011.10.02"]

1. d4 d5 2. c4 e6 3. Nf3 c5 4. cxd5 exd5 5. Nc3 Nc6 6. g3 Nf6 7. Bg2 Be7 8. O-O
O-O 9. dxc5 Bxc5 10. Na4 Be7 11. Be3 Ne4 12. Rc1 Na5 13. Nd4 Bd7 14. Nc3 Nxc3
15. Rxc3 Nc4 16. Bc1 Bg4 17. h3 Bc8 18. Qb3 Bc5 19. Rd1 Qf6 20. e3 Rd8 21. Ne2
Bb6 22. Nf4 Na5 23. Nxd5 Qg5 24. h4 Nxb3 25. hxg5 Bg4 26. Re1 Ba5 27. axb3 1-0

[Event "TCh-CZE Liga 1 Zapad"]
[Site "Czech Rep CZE"]
[Date "2012.02.12"]
[Round "8.5"]
[White "Fronek,V"]
[Black "Neckar,L"]
[Result "0-1"]
[BlackTitle "IM"]
[WhiteElo "2095"]
[BlackElo "2367"]
[WhiteTeam "ERA-Postovni sporitelna B"]
[BlackTeam "JOLY Lysa nad Labem B"]
[WhiteFideId "336386"]
[BlackFideId "300705"]
[EventDate "2011.10.02"]

1. e4 Nf6 2. Nc3 d5 3. e5 Nfd7 4. d4 c5 5. dxc5 e6 6. Nf3 Nc6 7. Bb5 Bxc5 8. O-O
a6 9. Bxc6 bxc6 10. Rb1 Be7 11. b4 O-O 12. Re1 Rb8 13. a3 c5 14. Na2 Qc7 15. c3
f6 16. Bf4 fxe5 17. Bg3 Bd6 18. bxc5 Qxc5 19. Rxb8 Bxb8 20. Ng5 Nf6 21. Qc2 h6
22. Nh3 Ne4 23. Nb4 Nxg3 24. hxg3 e4 25. Kh2 a5 26. Na2 Qxa3 27. Nc1 Ba6 28. Ne2
Bxe2 29. Rxe2 Be5 30. c4 Qd3 31. cxd5 Qxc2 32. Rxc2 exd5 33. Rc5 Ra8 34. Rxd5
Bf6 35. Nf4 a4 36. Rd2 a3 37. Ra2 Bb2 38. Nd5 Rd8 39. Ne3 Rd4 40. Kg1 Kf7 41.
Kf1 Bc1 42. Ke2 Bxe3 43. Kxe3 Ra4 44. Kd2 Ke6 45. Kc3 Ke5 46. Kb3 Ra7 47. Kc3 h5
48. Kb3 e3 49. fxe3 Ke4 50. Kc4 Kxe3 51. Kc3 Ke4 52. Kd2 Kd4 53. Kc2 Kc4 54. Kb1
Kb3 55. Rf2 Rc7 56. Re2 g5 57. g4 h4 58. Rf2 Rc3 59. Re2 Rg3 60. Rb2+ Kc3 61.
Rf2 Rxg4 62. Ka2 Kd3 63. Kxa3 Ke3 64. Rc2 Kf4 65. Rc4+ Kg3 66. Rxg4+ Kxg4 0-1

[Event "TCh-CZE Liga 1 Zapad"]
[Site "Czech Rep CZE"]
[Date "2012.02.12"]
[Round "8.6"]
[White "Suran,J"]
[Black "Lacha,Jo"]
[Result "1-0"]
[WhiteTitle "FM"]
[WhiteElo "2360"]
[BlackElo "2065"]
[WhiteTeam "JOLY Lysa nad Labem B"]
[BlackTeam "ERA-Postovni sporitelna B"]
[WhiteFideId "305782"]
[BlackFideId "311570"]
[EventDate "2011.10.02"]

1. e4 c5 2. Nf3 e6 3. d4 cxd4 4. Nxd4 a6 5. Nc3 Qc7 6. Bd3 Nc6 7. Be3 Nf6 8. O-O
Be7 9. f4 d6 10. Qf3 O-O 11. Qg3 Bd7 12. Rae1 Kh8 13. Nxc6 Bxc6 14. Bd4 Qa5 15.
e5 Qb4 16. Ne2 Ng8 17. a3 Qa5 18. b4 Qd8 19. exd6 Bf6 20. Be5 Nh6 21. Nd4 Qb6
22. c3 Bb5 23. Bxf6 gxf6 24. Qh4 Bxd3 25. Qxf6+ Kg8 26. Qxh6 Rad8 27. Rf3 Bg6
28. h4 Rxd6 29. h5 Rd5 30. hxg6 fxg6 31. Rxe6 Qc7 32. Rxg6+ hxg6 33. Qxg6+ Qg7
34. Qxg7+ 1-0

[Event "TCh-CZE Liga1 Vychod"]
[Site "Czech Rep CZE"]
[Date "2012.01.29"]
[Round "7.1"]
[White "Bures,J"]
[Black "Cvek,R"]
[Result "0-1"]
[BlackTitle "GM"]
[WhiteElo "2415"]
[BlackElo "2518"]
[WhiteTeam "A64 Grygov B"]
[BlackTeam "Slavia Kromeriz"]
[WhiteFideId "322890"]
[BlackFideId "307424"]
[EventDate "2011.10.02"]

1. e4 c5 2. Nf3 d6 3. d4 cxd4 4. Nxd4 Nf6 5. Nc3 a6 6. Be2 e6 7. a4 Nc6 8. Be3
Be7 9. O-O O-O 10. f4 Bd7 11. Nb3 Na5 12. e5 Ne8 13. Nxa5 Qxa5 14. Ne4 Qc7 15.
a5 d5 16. Bb6 Qc8 17. Ng5 f6 18. exf6 Nxf6 19. Qd4 h6 20. Nf3 Qxc2 21. Bd3 Qb3
22. Ne5 Bb5 23. Bxb5 Qxb5 24. Ng6 Rfe8 25. Nxe7+ Rxe7 26. Rac1 Ne4 27. Rc2 Rf8
28. Qe5 Kh7 29. f5 Qxf1+ 0-1

[Event "TCh-CZE Liga1 Vychod"]
[Site "Czech Rep CZE"]
[Date "2012.01.29"]
[Round "7.2"]
[White "Lanc,A"]
[Black "Biolek,R2"]
[Result "1/2-1/2"]
[WhiteTitle "IM"]
[BlackTitle "IM"]
[WhiteElo "2367"]
[BlackElo "2464"]
[WhiteTeam "Slavia Kromeriz"]
[BlackTeam "A64 Grygov B"]
[WhiteFideId "14900041"]
[BlackFideId "300756"]
[EventDate "2011.10.02"]

1. e4 Nf6 2. e5 Nd5 3. d4 d6 4. c4 Nb6 5. exd6 exd6 6. Nc3 Be7 7. h3 O-O 8. Nf3
Bf5 9. Be2 Bg6 10. O-O Bf6 11. b3 Nc6 12. Be3 Re8 13. Qd2 h6 14. Rad1 Nd7 15.
Bd3 Nf8 16. Bxg6 Nxg6 17. Nd5 Be7 18. Nh2 Bf8 19. Ng4 Re6 20. Nc3 Re8 21. Nd5
Re6 22. Nc3 Re8 23. Rfe1 Nce7 24. Qc2 f5 25. Nh2 Qd7 26. Ne2 c6 27. Nf3 Rac8 28.
Qc1 Qe6 29. h4 Qf7 30. h5 Nh8 31. Nf4 g5 32. hxg6 Nexg6 33. g3 Re4 34. Nxg6 Qxg6
35. Kg2 Nf7 36. Rh1 Rce8 37. Rh3 Bg7 38. Rdh1 f4 39. Bxf4 Re2 40. Bxh6 Bxh6 41.
Rxh6 Nxh6 42. Rxh6 Qf5 43. Rh4 R8e3 44. Rf4 Qc2 45. Qxc2 Rxc2 46. Rf6 Rxa2 47.
Rxd6 Rxb3 48. Ne5 Rbb2 49. Ng4 a5 50. Rd7 a4 51. Nf6+ Kf8 1/2-1/2

[Event "TCh-CZE Liga1 Vychod"]
[Site "Czech Rep CZE"]
[Date "2012.01.29"]
[Round "7.3"]
[White "Sluka,R"]
[Black "Karlik,V"]
[Result "1-0"]
[WhiteTitle "IM"]
[BlackTitle "FM"]
[WhiteElo "2276"]
[BlackElo "2286"]
[WhiteTeam "A64 Grygov B"]
[BlackTeam "Slavia Kromeriz"]
[WhiteFideId "305456"]
[BlackFideId "301027"]
[EventDate "2011.10.02"]

1. e4 c5 2. Nc3 Nc6 3. f4 g6 4. Nf3 Bg7 5. Bc4 e6 6. f5 Nge7 7. fxe6 dxe6 8. O-O
O-O 9. a3 Nd4 10. d3 Nec6 11. Kh1 h6 12. Ne2 Qe7 13. Nexd4 Nxd4 14. Nxd4 cxd4
15. Bd2 Rd8 16. Qc1 Kh7 17. Rf3 h5 18. Bb4 Qc7 19. Qg5 f6 20. Qh4 a5 21. Be1 e5
22. a4 Qd6 23. Bd2 Be6 24. b3 Bxc4 25. bxc4 Qd7 26. Rff1 Rf8 27. h3 Kg8 28. Rfb1
Ra6 29. Rb5 f5 30. Rab1 Ra7 31. Qg5 fxe4 32. dxe4 Kh7 33. Rb6 Qf7 34. R1b3 Ra6
35. Rxb7 Qf1+ 36. Kh2 Rf7 37. R3b6 Rxb6 38. Rxb6 Rf6 39. Rxf6 Bxf6 40. Qh6+ Kg8
41. Qxg6+ Kf8 42. Qf5 Qxf5 43. exf5 e4 44. Kg3 Be5+ 45. Kh4 e3 46. Bxa5 1-0

[Event "TCh-CZE Liga1 Vychod"]
[Site "Czech Rep CZE"]
[Date "2012.01.29"]
[Round "7.5"]
[White "Zatloukal,P"]
[Black "Chladek,Va"]
[Result "1-0"]
[WhiteElo "2139"]
[BlackElo "2041"]
[WhiteTeam "A64 Grygov B"]
[BlackTeam "Slavia Kromeriz"]
[WhiteFideId "307734"]
[BlackFideId "312703"]
[EventDate "2011.10.02"]

1. e4 e5 2. Nf3 Nc6 3. Bc4 Nf6 4. d4 exd4 5. e5 d5 6. Bb5 Ne4 7. Nxd4 Bd7 8.
Bxc6 bxc6 9. O-O Bc5 10. Be3 O-O 11. f3 Ng5 12. f4 Ne4 13. Nd2 Nxd2 14. Qxd2 Qe7
15. Rae1 Bb6 16. Nf3 Bf5 17. Bxb6 axb6 18. Nd4 Qd7 19. a3 Ra4 20. c3 Rd8 21. h3
h5 22. Qd1 Rc4 23. Qxh5 Bg6 24. Qg5 Be4 25. f5 Qe8 26. f6 Bg6 27. Nf5 gxf6 28.
exf6 1-0

[Event "TCh-CZE Liga1 Vychod"]
[Site "Czech Rep CZE"]
[Date "2012.01.29"]
[Round "7.6"]
[White "Stachon,Martin"]
[Black "Soban,J"]
[Result "1/2-1/2"]
[WhiteElo "2044"]
[BlackElo "2122"]
[WhiteTeam "Slavia Kromeriz"]
[BlackTeam "A64 Grygov B"]
[WhiteFideId "348929"]
[BlackFideId "316814"]
[EventDate "2011.10.02"]

1. e4 Nf6 2. e5 Nd5 3. d4 d6 4. c4 Nb6 5. exd6 exd6 6. Nc3 Be7 7. h3 Nc6 8. Nf3
Bf5 9. Be3 O-O 10. Be2 h6 11. b3 Re8 12. O-O Bf6 13. Qd2 d5 14. c5 Nc8 15. Rad1
N8e7 16. Nh2 b6 17. Na4 Be4 18. g4 g5 19. b4 a6 20. a3 Kh7 21. Nc3 Bg6 22. Nf3
Qd7 23. cxb6 cxb6 24. b5 axb5 25. Nxb5 Rec8 26. Rc1 Na7 27. a4 Nac6 28. Nc3 Qd6
29. Qb2 Na5 30. Nb5 Qd8 31. Ne5 Nec6 32. Nxg6 fxg6 33. Bd3 Ne7 34. Rxc8 Rxc8 35.
Rc1 Nc4 36. Qe2 Nd6 37. Rxc8 Nexc8 38. Qc2 Ne7 39. Qc7 Nf7 40. Kg2 Qxc7 41. Nxc7
Nd6 42. Kf3 Kg7 43. Ke2 Kf7 44. Ba6 Ne8 45. Na8 Ke6 46. Nxb6 Nc6 47. Bb7 Kd6 48.
Kd3 Kc7 49. Bxc6 Kxc6 50. a5 Nd6 51. Na4 Bd8 52. a6 Nb5 53. f4 gxf4 54. Bxf4 h5
55. gxh5 gxh5 56. Nc5 Bb6 57. Ne6 Kd7 58. Ng7 Bxd4 59. Nxh5 Bc5 60. Ng3 Nc7 61.
Bxc7 Kxc7 62. h4 Bf2 63. a7 Kb7 64. Nf5 Bxh4 1/2-1/2

[Event "TCh-CZE Liga1 Vychod"]
[Site "Czech Rep CZE"]
[Date "2012.01.29"]
[Round "7.7"]
[White "Sochor,S"]
[Black "Brazdil,R"]
[Result "1-0"]
[WhiteElo "2092"]
[BlackElo "2137"]
[WhiteTeam "A64 Grygov B"]
[BlackTeam "Slavia Kromeriz"]
[WhiteFideId "308749"]
[BlackFideId "313351"]
[EventDate "2011.10.02"]

1. d4 Nf6 2. Nf3 e6 3. e3 d5 4. Bd3 Bd6 5. O-O O-O 6. c4 dxc4 7. Bxc4 c5 8. Qe2
cxd4 9. exd4 b6 10. Nc3 Bb7 11. Bg5 Be7 12. Rad1 Bd5 13. Nxd5 exd5 14. Bb3 Nc6
15. Qb5 Rc8 16. Rc1 Qd6 17. a3 Rfd8 18. g3 Ne4 19. Bf4 Qf6 20. Rfd1 g5 21. Bxd5
Nxd4 22. Rxd4 Nd6 23. Qb3 gxf4 24. Rxc8 Rxc8 25. Rxf4 Qg7 26. Qa4 Qxb2 27. Qd7
Qc1+ 28. Kg2 Qd1 29. Bxf7+ 1-0

[Event "TCh-CZE Liga1 Vychod"]
[Site "Czech Rep CZE"]
[Date "2012.01.29"]
[Round "7.8"]
[White "Bacak,Petr St."]
[Black "Hrabal,M"]
[Result "0-1"]
[WhiteElo "1971"]
[BlackElo "2046"]
[WhiteTeam "Slavia Kromeriz"]
[BlackTeam "A64 Grygov B"]
[WhiteFideId "303232"]
[BlackFideId "328561"]
[EventDate "2011.10.02"]

1. e4 e5 2. Nf3 Nc6 3. Bb5 f5 4. d3 d6 5. Nc3 Nf6 6. Bg5 Be7 7. Bxf6 Bxf6 8. d4
exd4 9. Nxd4 O-O 10. Bxc6 bxc6 11. O-O fxe4 12. Nxe4 c5 13. Ne2 Ba6 14. c3 Be5
15. f3 Qh4 16. g3 Qh5 17. Kg2 Kh8 18. Rf2 Rae8 19. Ng1 Bb7 20. Nd2 Rf6 21. Nc4
Ref8 22. Nxe5 dxe5 23. Qe2 e4 24. Raf1 Qe5 25. Qb5 Ba6 26. Qa4 exf3+ 27. Nxf3
Bxf1+ 28. Rxf1 Rxf3 0-1

[Event "TCh-CZE Liga1 Vychod"]
[Site "Czech Rep CZE"]
[Date "2012.01.29"]
[Round "7"]
[White "Belunek,V"]
[Black "Malik,J"]
[Result "1/2-1/2"]
[WhiteTitle "FM"]
[BlackTitle "FM"]
[WhiteElo "2273"]
[BlackElo "2352"]
[WhiteTeam "Tatran Litovel B"]
[BlackTeam "Labortech Ostrava B"]
[WhiteFideId "307432"]
[BlackFideId "317500"]
[EventDate "2011.10.02"]

1. d4 d5 2. c4 e6 3. Nc3 Nf6 4. Bg5 Nbd7 5. cxd5 exd5 6. e3 c6 7. Bd3 Be7 8. Qc2
O-O 9. Nf3 Re8 10. O-O Nf8 11. Rab1 a5 12. a3 Ne4 13. Bxe7 Qxe7 14. Na4 Bf5 15.
Nb6 Ra7 16. Ne5 Qg5 17. f4 Qd8 18. Na4 f6 19. Nf3 Qe7 20. Nh4 Bc8 21. Rbe1 Ng6
22. Nxg6 hxg6 23. Bxe4 Qxe4 24. Qxe4 Rxe4 25. Kf2 Re8 26. Rc1 Kf7 27. Kf3 Bf5
28. Nc3 Raa8 29. h4 a4 30. g4 Bd3 31. Rfd1 Bc4 32. Rh1 b5 33. h5 gxh5 34. Rxh5
b4 35. axb4 a3 36. bxa3 Rxa3 37. g5 Rb3 38. gxf6 Kxf6 39. Re5 Rh8 40. b5 cxb5
41. Nxd5+ Bxd5+ 42. Rxd5 Rh3+ 43. Kg4 Rhxe3 44. Rc6+ Kf7 45. Rc7+ Ke6 46. Re5+
Rxe5 47. dxe5 Rb1 48. Rb7 Rg1+ 49. Kf3 Rf1+ 50. Ke3 Re1+ 51. Kf2 Rb1 52. Rxg7 b4
53. Ke3 b3 54. Rg6+ Ke7 55. Rg2 b2 56. Re2 Kf7 57. Ke4 Ke6 58. f5+ Ke7 59. Ke3
Rf1 60. Rxb2 Rxf5 1/2-1/2

[Event "TCh-CZE Liga1 Vychod"]
[Site "Czech Rep CZE"]
[Date "2012.01.29"]
[Round "7"]
[White "Firt,S"]
[Black "Vanek,L"]
[Result "1-0"]
[WhiteTitle "FM"]
[WhiteElo "2294"]
[BlackElo "2199"]
[WhiteTeam "Labortech Ostrava B"]
[BlackTeam "Tatran Litovel B"]
[WhiteFideId "300268"]
[BlackFideId "324647"]
[EventDate "2011.10.02"]

1. e4 c5 2. Nf3 d6 3. d4 cxd4 4. Nxd4 Nf6 5. Nc3 a6 6. Be3 e5 7. Nf3 Be7 8. a4
Be6 9. a5 Nc6 10. Bb6 Qd7 11. Ng5 d5 12. Nxe6 fxe6 13. Bd3 O-O 14. O-O Rac8 15.
Qe2 Bb4 16. Na4 Qe8 17. c3 Bxa5 18. Bxa5 Nxa5 19. Nb6 Rc6 20. Nxd5 exd5 21. Rxa5
Qd8 22. exd5 Rxc3 23. bxc3 Qxa5 24. Qxe5 Qc5 25. c4 b5 26. Qe6+ Kh8 27. Qxa6 Qd4
28. Qa3 Rd8 29. cxb5 Nxd5 30. Re1 Nb4 31. Bb1 Qc5 32. Qh3 h6 33. Qf5 Qxf5 34.
Bxf5 g5 35. Bg4 Rb8 36. Bd7 Kg7 37. Rb1 Nd5 38. Bc6 Nc3 39. Rb4 Rb6 40. Kf1 Kf6
41. Ke1 Ke5 42. Kd2 Nd5 43. Bxd5 Kxd5 44. Kc3 Kc5 45. Rc4+ Kxb5 46. Rb4+ 1-0

[Event "TCh-CZE Liga1 Vychod"]
[Site "Czech Rep CZE"]
[Date "2012.01.29"]
[Round "7"]
[White "Beil,Z"]
[Black "Krajina,A"]
[Result "1/2-1/2"]
[WhiteTitle "IM"]
[WhiteElo "2256"]
[BlackElo "2205"]
[WhiteTeam "Tatran Litovel B"]
[BlackTeam "Labortech Ostrava B"]
[WhiteFideId "300667"]
[BlackFideId "302112"]
[EventDate "2011.10.02"]

1. d4 d6 2. Nf3 Bg4 3. Nbd2 e6 4. e4 Nf6 5. Bd3 c5 6. c3 cxd4 7. Qa4+ Nbd7 8.
cxd4 a6 9. b4 b5 10. Qb3 Nb6 11. O-O Be7 12. Ne1 d5 13. e5 Nfd7 14. h3 Bh5 15.
f4 f5 16. g4 Bg6 17. Be2 O-O 18. g5 h6 19. gxh6 gxh6 20. Ndf3 Kh7 21. Be3 Rg8
22. Kh2 Nc4 23. Bf2 Bh5 24. a3 Ndb6 25. Ra2 a5 26. Nd3 Qe8 27. Nc5 Qf7 28. bxa5
Rxa5 29. Be1 Raa8 30. Bb4 Rg7 31. Raa1 Na4 32. Rg1 Rxg1 33. Rxg1 Bxc5 34. dxc5
Qc7 35. Nd4 Bxe2 36. Nxe2 Rg8 37. Rxg8 Kxg8 38. Qg3+ Kh7 39. Nd4 Nxc5 40. Bxc5
Qxc5 41. Nxe6 Qe7 42. Nd4 Qxa3 43. Qh4 Qb2+ 44. Kh1 Qxd4 45. Qe7+ 1/2-1/2

[Event "TCh-CZE Liga1 Vychod"]
[Site "Czech Rep CZE"]
[Date "2012.01.29"]
[Round "7"]
[White "Pacl,V"]
[Black "Navratil,Ji3"]
[Result "0-1"]
[WhiteTitle "FM"]
[WhiteElo "2179"]
[BlackElo "2047"]
[WhiteTeam "Labortech Ostrava B"]
[BlackTeam "Tatran Litovel B"]
[WhiteFideId "302031"]
[BlackFideId "332070"]
[EventDate "2011.10.02"]

1. e4 c5 2. Nf3 d6 3. d4 cxd4 4. Nxd4 Nf6 5. Nc3 a6 6. a4 Nc6 7. Be2 e6 8. Be3
Be7 9. O-O O-O 10. f4 Bd7 11. Nb3 Rc8 12. a5 Qc7 13. Bf3 Nb4 14. Qe2 d5 15. e5
Ne4 16. Bxe4 dxe4 17. Rfc1 f6 18. Bb6 Qc4 19. Qxc4 Rxc4 20. Nd2 Rc6 21. Ndxe4 f5
22. Nf2 g5 23. g3 gxf4 24. gxf4 Rf7 25. Rd1 Rg7+ 26. Kf1 Be8 27. Rd2 Rc4 28. Be3
Bc6 29. Nd3 Nxd3 30. cxd3 Rb4 31. Nd1 Rb3 32. Rc1 Bb4 33. Nc3 Bxa5 34. d4 Bd8
35. Bf2 Ba5 36. Rdc2 Bg2+ 37. Ke2 Bh3 38. d5 exd5 39. Nxd5 Rg2 40. Ne3 Rxh2 41.
Nc4 Bg4+ 42. Kf1 Rh1+ 43. Kg2 Bf3+ 44. Kg3 Bc6+ 45. Ne3 Rxc1 46. Rxc1 Bd2 0-1

[Event "TCh-CZE Liga1 Vychod"]
[Site "Czech Rep CZE"]
[Date "2012.01.29"]
[Round "7"]
[White "Bachorik,O"]
[Black "Neoral,A"]
[Result "0-1"]
[WhiteElo "2166"]
[BlackElo "2150"]
[WhiteTeam "Labortech Ostrava B"]
[BlackTeam "Tatran Litovel B"]
[WhiteFideId "318124"]
[BlackFideId "314714"]
[EventDate "2011.10.02"]

1. Nf3 Nf6 2. c4 g6 3. Nc3 Bg7 4. g3 O-O 5. Bg2 d6 6. d4 Nc6 7. O-O a6 8. b3 Rb8
9. Bb2 Bd7 10. e3 b5 11. Qe2 Na5 12. Nd2 c5 13. dxc5 dxc5 14. cxb5 axb5 15. Nce4
Qb6 16. Nxf6+ Bxf6 17. Bxf6 Qxf6 18. Ne4 Qb6 19. Rac1 c4 20. Qb2 cxb3 21. axb3
b4 22. Rfd1 Rfd8 23. Nc5 Bg4 24. Rd4 Rxd4 25. Qxd4 h5 26. Bd5 Rd8 27. Qe5 Nc6
28. Qg5 Kg7 29. Ne6+ Bxe6 30. Rxc6 Qb5 31. Qe5+ Kh7 32. e4 Bxd5 33. Rc1 Qe2 0-1

[Event "TCh-CZE Liga1 Vychod"]
[Site "Czech Rep CZE"]
[Date "2012.01.29"]
[Round "7"]
[White "Bazant,P jr"]
[Black "Kislinsky,A"]
[Result "0-1"]
[BlackTitle "GM"]
[WhiteElo "2370"]
[BlackElo "2528"]
[WhiteTeam "SK Stare Mesto"]
[BlackTeam "Slavia Orlova"]
[WhiteFideId "311766"]
[BlackFideId "14108801"]
[EventDate "2011.10.02"]

1. e4 c5 2. Nf3 d6 3. c3 Nf6 4. Bd3 Nc6 5. h3 g5 6. Bb5 g4 7. hxg4 Bxg4 8. Bxc6+
bxc6 9. Qa4 Rg8 10. d4 cxd4 11. cxd4 Bd7 12. Nc3 Rxg2 13. e5 dxe5 14. Nxe5 Qb6
15. Kf1 Rg8 16. Nxd7 Nxd7 17. Be3 a5 18. Rc1 Rg6 19. Rxh7 Qa6+ 20. Ne2 Rb8 21.
Qc2 Nf6 22. Rh8 Nd5 23. b3 Nxe3+ 24. fxe3 c5 25. Qe4 Qf6+ 26. Qf4 cxd4 27. Ke1
Qxf4 28. exf4 d3 29. Nd4 Rg4 30. Rc4 Rd8 31. Nf3 Rg3 32. Rd4 Rxd4 33. Nxd4 Rg4
34. Kd2 e5 35. Nb5 Rxf4 36. Kxd3 Ke7 37. Rh5 Bg7 38. Ke3 Rg4 39. Kf3 Rb4 40. Nc3
Ke6 41. Rh7 Rf4+ 42. Ke3 Bf8 43. Ne4 f5 44. Ng5+ Kd5 45. Rd7+ Kc6 46. Rf7 Bc5+
47. Ke2 Rf2+ 48. Ke1 Be3 49. a3 f4 50. Re7 Kd6 51. Re8 Rb2 52. Nf7+ Kd5 53. Nxe5
Rxb3 54. Ke2 Rxa3 55. Nf3 Bb6 56. Rb8 Re3+ 57. Kf2 Rb3+ 58. Ke2 a4 59. Nd2 Rb2
60. Kd3 a3 61. Ne4 f3 62. Rf8 f2 63. Nc3+ Ke6 64. Rf4 a2 0-1

[Event "TCh-CZE Liga1 Vychod"]
[Site "Czech Rep CZE"]
[Date "2012.01.29"]
[Round "7"]
[White "Andreev,Ed UKR"]
[Black "Uricar,J"]
[Result "1-0"]
[WhiteTitle "GM"]
[WhiteElo "2478"]
[BlackElo "2212"]
[WhiteTeam "Slavia Orlova"]
[BlackTeam "SK Stare Mesto"]
[WhiteFideId "14103400"]
[BlackFideId "325333"]
[EventDate "2011.10.02"]

1. e4 c5 2. Nf3 Nc6 3. Bb5 g6 4. Bxc6 bxc6 5. O-O Bg7 6. c3 d6 7. Re1 Nh6 8. d4
cxd4 9. cxd4 O-O 10. h3 Qb6 11. Nc3 Rb8 12. b3 Kh8 13. Be3 f5 14. Qd2 Nf7 15. e5
Qa5 16. exd6 exd6 17. Ng5 c5 18. Nxf7+ Rxf7 19. Rac1 Bd7 20. dxc5 dxc5 21. Ne4
Qxd2 22. Nxd2 Bd4 23. Nf3 Bxe3 24. Rxe3 Rb5 25. Ne5 Rg7 26. Rec3 Ra5 27. R1c2
Re7 28. f4 g5 29. g3 gxf4 30. gxf4 Rg7+ 31. Kf2 Bc8 32. Rd2 Be6 33. Rdc2 Rc7 34.
Nd3 c4 35. bxc4 Ra4 36. Ne5 Rc5 37. Ke3 Kg7 38. Kd4 Rd5+ 39. Ke3 Rc5 40. Rb2 Kf6
41. Rb7 h6 42. a3 Rca5 43. Rh7 Rxa3 44. Rxh6+ Kg7 45. Rg6+ Kh7 46. Rxa3 Rxa3+
47. Kd4 Bxc4 48. Kxc4 Ra4+ 49. Kd5 Ra5+ 50. Ke6 Rxe5+ 51. fxe5 Kxg6 52. Kd7 1-0

[Event "TCh-CZE Liga1 Vychod"]
[Site "Czech Rep CZE"]
[Date "2012.01.29"]
[Round "7"]
[White "Bazant,P sr"]
[Black "Krzyzanowski,M"]
[Result "0-1"]
[WhiteElo "2233"]
[BlackElo "2375"]
[WhiteTeam "SK Stare Mesto"]
[BlackTeam "Slavia Orlova"]
[WhiteFideId "304166"]
[BlackFideId "1132199"]
[EventDate "2011.10.02"]

1. d4 Nf6 2. c4 c6 3. Nc3 d5 4. cxd5 cxd5 5. Nf3 Nc6 6. Bf4 a6 7. e3 Bf5 8. Be2
e6 9. Ne5 Nxe5 10. Bxe5 Nd7 11. Bg3 Be7 12. O-O O-O 13. Rc1 Rc8 14. a3 Qa5 15.
Na2 b5 16. Qe1 Qb6 17. Qd2 Qb7 18. Qa5 Nb6 19. Nb4 Nc4 20. Bxc4 bxc4 21. Qxa6
Qd7 22. Ra1 h5 23. h3 g5 24. Rfc1 f6 25. Qa5 Kf7 26. Na2 h4 27. Bh2 g4 28. hxg4
Bxg4 29. f3 Bh5 30. Qd2 Rg8 31. Kh1 Bd6 32. Rf1 Bxh2 33. Kxh2 Rg3 34. Rf2 Rcg8
35. f4 h3 36. Rg1 f5 37. Nc3 Qe7 38. Rh1 Rxg2+ 39. Rxg2 hxg2 0-1